Die Implementationssicherungsmechanismen der UN-Drogenkonventionen von 1961, 1971 und 1988
| Main Author: | |
|---|---|
| Format: | Print Book |
| Language: | German |
| Published: |
Berlin
Duncker und Humblot
1999
|
| In: |
Schriften zum Völkerrecht (133)
Year: 1999 |
| Online Access: |
Contents Table of Contents |
| Check availability: | HBZ Gateway |
| Subito Delivery Service: | Order now. |
| Keywords: |
MARC
| LEADER | 00000cam a2200000 c 4500 | ||
|---|---|---|---|
| 001 | 272304034 | ||
| 003 | DE-627 | ||
| 005 | 20251222212222.0 | ||
| 007 | tu | ||
| 008 | 981126s1999 gw ||||| m 00| ||ger c | ||
| 015 | |a 98,N47,0187 |2 dnb | ||
| 015 | |a 98,N47,0187 |2 dnb | ||
| 016 | 7 | |a 954892518 |2 DE-101 | |
| 020 | |a 3428095553 |9 3-428-09555-3 | ||
| 035 | |a (DE-627)272304034 | ||
| 035 | |a (DE-576)070613850 | ||
| 035 | |a (DE-599)GBV272304034 | ||
| 035 | |a (OCoLC)237321893 | ||
| 035 | |a (OCoLC)42667066 | ||
| 040 | |a DE-627 |b ger |c DE-627 |e rakwb | ||
| 041 | |a ger | ||
| 044 | |c XA-DE | ||
| 082 | 0 | |a 341.7/75 | |
| 084 | |a 19 |a 16 |2 sdnb | ||
| 084 | |a 19 |a 16 |a 14 |a 64 |a 63 |2 sdnb | ||
| 084 | |a PR 2353 |2 rvk |0 (DE-625)rvk/139576: | ||
| 084 | |a PR 2210 |2 rvk |0 (DE-625)rvk/139529: | ||
| 084 | |a PR 2410 |2 rvk |0 (DE-625)rvk/139589: | ||
| 084 | |a PR 2207 |2 rvk |0 (DE-625)rvk/139526: | ||
| 084 | |a 86.92 |2 bkl | ||
| 084 | |a 86.41 |2 bkl | ||
| 084 | |a 86.56 |2 bkl | ||
| 090 | |a a | ||
| 100 | 1 | |a Klinger, Stefanie |4 aut | |
| 245 | 1 | 4 | |a Die Implementationssicherungsmechanismen der UN-Drogenkonventionen von 1961, 1971 und 1988 |c von Stefanie Klinger |
| 263 | |a brosch. : DM 112.00, sfr 99.50, S 818.00 | ||
| 264 | 1 | |a Berlin |b Duncker und Humblot |c 1999 | |
| 300 | |a 337 S. | ||
| 336 | |a Text |b txt |2 rdacontent | ||
| 337 | |a ohne Hilfsmittel zu benutzen |b n |2 rdamedia | ||
| 338 | |a Band |b nc |2 rdacarrier | ||
| 490 | 1 | |a Schriften zum Völkerrecht |v 133 | |
| 502 | |a Zugl.: Frankfurt (Main), Univ., Diss., 1998 | ||
| 583 | 1 | |a Archivierung prüfen |c 20240324 |f DE-4165 |z 1 |2 pdager | |
| 583 | 1 | |a Archivierung/Langzeitarchivierung gewährleistet |c 20240722 |f NI-LastCopies |x XA-DE-NI |z Potenzieller Alleinbesitz Niedersachsen |2 pdager |5 DE-89 | |
| 655 | 7 | |a Hochschulschrift |0 (DE-588)4113937-9 |0 (DE-627)105825778 |0 (DE-576)209480580 |2 gnd-content | |
| 689 | 0 | 0 | |d b |0 (DE-588)333-5 |0 (DE-627)100003141 |0 (DE-576)190129247 |a Vereinte Nationen |2 gnd |
| 689 | 0 | 1 | |d s |0 (DE-588)4070587-0 |0 (DE-627)106099663 |0 (DE-576)209181532 |a Drogenmissbrauch |2 gnd |
| 689 | 0 | 2 | |d s |0 (DE-588)4112701-8 |0 (DE-627)104321679 |0 (DE-576)209470127 |a Bekämpfung |2 gnd |
| 689 | 0 | 3 | |d s |0 (DE-588)4063696-3 |0 (DE-627)106126938 |0 (DE-576)209149906 |a Völkerrechtlicher Vertrag |2 gnd |
| 689 | 0 | 4 | |d s |0 (DE-588)4246789-5 |0 (DE-627)10480968X |0 (DE-576)210482400 |a Durchsetzung |2 gnd |
| 689 | 0 | 5 | |a z |2 gnd |a Geschichte |
| 689 | 0 | |5 DE-101 | |
| 751 | |a Frankfurt am Main |0 (DE-588)4018118-2 |0 (DE-627)106327356 |0 (DE-576)208922695 |4 uvp | ||
| 830 | 0 | |a Schriften zum Völkerrecht |v 133 |9 133 |w (DE-627)130115894 |w (DE-576)015646319 |w (DE-600)504517-4 |x 0582-0251 |7 am | |
| 856 | 4 | 2 | |u https://swbplus.bsz-bw.de/bsz070613850vlg.htm |m V:DE-576 |v 2006-08-08 |3 Inhaltstext |7 1 |
| 856 | 4 | 2 | |u http://www.gbv.de/dms/spk/sbb/toc/272304034.pdf |m V:DE-601 |m B:DE-1 |q pdf/application |x Verlag |y Inhaltsverzeichnis |3 Inhaltsverzeichnis |7 1 |
| 889 | |w (DE-627)250929899 | ||
| 935 | |i mdedup | ||
| 935 | |i Blocktest | ||
| 935 | |i sf | ||
| 936 | r | v | |a PR 2353 |b Welthandel |k Rechtswissenschaft |k Völkerrecht |k Sonstige völkerrechtliche Materien |k Welthandel |0 (DE-627)1271357607 |0 (DE-625)rvk/139576: |0 (DE-576)201357607 |
| 936 | r | v | |a PR 2210 |b Staat / Völkerrechtliche Verantwortlichkeit |k Rechtswissenschaft |k Völkerrecht |k Einzelgebiete des Völkerrechts im Frieden |k Staat / Völkerrechtliche Verantwortlichkeit |0 (DE-627)1271239779 |0 (DE-625)rvk/139529: |0 (DE-576)201239779 |
| 936 | r | v | |a PR 2410 |b Vereinte Nationen / Sicherheitsrat |k Rechtswissenschaft |k Völkerrecht |k Internationale Organisation UB Supranationale Organisation (BF Übernationale Organisation) |k Vereinte Nationen / Sicherheitsrat |0 (DE-627)127142097X |0 (DE-625)rvk/139589: |0 (DE-576)20142097X |
| 936 | r | v | |a PR 2207 |b Völkerrechtlicher Vertrag (BF Abkommen / Völkerrecht; Internationaler Vertrag; Internationales Abkommen; Vertrag / Völkerrecht; Völkerrecht / Vertrag; Konvention / Völkerrecht; Völkervertragsrecht) |k Rechtswissenschaft |k Völkerrecht |k Einzelgebiete des Völkerrechts im Frieden |k Völkerrechtlicher Vertrag (BF Abkommen / Völkerrecht; Internationaler Vertrag; Internationales Abkommen; Vertrag / Völkerrecht; Völkerrecht / Vertrag; Konvention / Völkerrecht; Völkervertragsrecht) |0 (DE-627)1271351706 |0 (DE-625)rvk/139526: |0 (DE-576)201351706 |
| 936 | b | k | |a 86.92 |j Staaten und Räume im Völkerrecht |0 (DE-627)10642243X |
| 936 | b | k | |a 86.41 |j Kriminologie |0 (DE-627)181572001 |
| 936 | b | k | |a 86.56 |j Gesundheitsrecht |j Lebensmittelrecht |0 (DE-627)106416995 |
| 951 | |a BO | ||
| ELC | |b 1 | ||
| LOK | |0 000 xxxxxcx a22 zn 4500 | ||
| LOK | |0 001 3281418961 | ||
| LOK | |0 003 DE-627 | ||
| LOK | |0 004 272304034 | ||
| LOK | |0 005 20151116135021 | ||
| LOK | |0 008 150728||||||||||||||||ger||||||| | ||
| LOK | |0 040 |a DE-21-110 |c DE-627 |d DE-21-110 | ||
| LOK | |0 689 |a s |a Drogenpolitik | ||
| LOK | |0 689 |a s |a Vereinte Nationen | ||
| LOK | |0 852 |z Kein Bestand am IfK; Nachweis für KrimDok | ||
| LOK | |0 852 |a DE-21-110 | ||
| LOK | |0 852 1 |9 00 | ||
| LOK | |0 935 |a k110 | ||
| LOK | |0 939 |a 28-07-15 |b l01 | ||
| ORI | |a SA-MARC-krimdoka001.raw | ||
| TIM | |a 100019450626_100020261231 |b 1945-06-26 - 2026 | ||
